| 000 | 00714nam a2200193Ia 4500 | ||
|---|---|---|---|
| 003 | GCL | ||
| 008 | 140319s9999 xx 000 0 ara d | ||
| 040 |
_aGCL / _cGCL |
||
| 082 | 0 | 4 |
_aد _b050 _bم م |
| 245 | 1 | 0 | _aالمستقبل العربى 323 يناير 2006 (وعى الوحدة العربية ) |
| 260 |
_aبيروت : _bمركز دراسات الوحدة العربية ، _c2006 |
||
| 650 | 0 | 4 | _aالسلام |
| 650 | 0 | 4 | _aروسيا - العلاقات الخارجية |
| 650 | 0 | 4 | _aالشرق الاوسط - تاريخ |
| 650 | 0 | 4 | _aالعراق - الامن القومى |
| 650 | 0 | 4 | _aدبى - الاحوال الاقتصادية |
| 650 | 0 | 4 | _aعمر الخيام - رياضيات |
| 942 |
_2ddc _cCR |
||
| 999 |
_c7834 _d7834 |
||